000 00548nam a22001697a 4500
003 OSt
005 20260429014721.0
008 260429b |||||||| |||| 00| 0 eng d
040 _aDWCL GS lib
_cOC
082 _aFic. D621s 2008
100 _aDixon, Franklin W.
245 _athe hardy boys 25:
_bthe secret panel
_cFranklin W. Dixon
260 _aU.S.A
_bGrosset & Dunlap, Inc.
_cc1974
300 _a177
_billustrations
_c21cm
700 _aFranklin W. Dixon
942 _2ddc
_cFIC.
_hFic. D621s 2008
_n0
999 _c10049
_d10049